000 00630cam a2200205 4500
001 WB3617-38
008 000000n2000 000 0 eng u
035 _a(Sirsi) u105679
245 _aRICS slams Treasury over stamp duty
260 _c2000
490 _aProperty Week
_v28 April 2000, 6(1)
520 _aThe RICS has accused the Treasury of using selective data to justify its increase in stamp duty in evidence to the Environment Select Committee.
590 _aWB
650 _aRICS
650 _aHM TREASURY
650 _aSTAMP DUTY
650 _aENVIRONMENT SELECT COMMITTEE
690 _aTAXATION
942 _n0
999 _c63295
_d63295